000 00721nam a2200241Ia 4500
001 Para_9227
003 CHAP
008 220125s2005 xx 000 0 und d
010 _a207966
040 _cCHAP
090 _aCD 19
111 _aCongreso Nacional de la Ciencia de la Maleza: Biólogo Manuel Rojas Garcidueñas (26:2005:Tamaulipas)
_9174411
245 _aMemoria /
_c por Unidad Académica Multidisciplinaria. Agronomía y Ciencias
260 _aTamaulipas :
_b SOMECIMA
650 _aMalas hierbas
_x congresos
_970010
901 _aCD 19
902 _aM
905 _a0000002005 0000000000 00
910 _a2005
942 _cPARA
942 _cPARA
_d5
999 _c207966
_d207966